<?xml version="1.0" encoding="UTF-8"?>
<record
    xmlns:xsi="http://www.w3.org/2001/XMLSchema-instance"
    xsi:schemaLocation="http://www.loc.gov/MARC21/slim http://www.loc.gov/standards/marcxml/schema/MARC21slim.xsd"
    xmlns="http://www.loc.gov/MARC21/slim">

  <leader>01255nam a2200265Ia 4500</leader>
  <controlfield tag="003">OSt</controlfield>
  <controlfield tag="005">20200918125115.0</controlfield>
  <controlfield tag="008">191128s1959    ck ad  gr     000 0 spa d</controlfield>
  <datafield tag="040" ind1=" " ind2=" ">
    <subfield code="a">CO-JMCR</subfield>
    <subfield code="c">CO-JMCR</subfield>
  </datafield>
  <datafield tag="041" ind1="0" ind2=" ">
    <subfield code="a">spa</subfield>
  </datafield>
  <datafield tag="082" ind1="0" ind2="4">
    <subfield code="a">911.861 /</subfield>
    <subfield code="b">C733j1</subfield>
    <subfield code="2">23</subfield>
  </datafield>
  <datafield tag="110" ind1="2" ind2=" ">
    <subfield code="a">Comisi&#xF3;n Corografica bajo la direcci&#xF3;n de Agustin Codazzi</subfield>
    <subfield code="9">10497</subfield>
  </datafield>
  <datafield tag="245" ind1="1" ind2="0">
    <subfield code="a">Jeografia f&#xED;sica I pol&#xED;tica de las provincias de la nueva granada : </subfield>
    <subfield code="b">provincias de Cordoba, Cauca, Popayan, Pasto y Tuquerres. Segunda parte: informes / </subfield>
    <subfield code="c">Comisi&#xF3;n Corografica bajo la direcci&#xF3;n de Agustin Codazzi</subfield>
  </datafield>
  <datafield tag="260" ind1=" " ind2=" ">
    <subfield code="a">Bogot&#xE1; : </subfield>
    <subfield code="b">Banco de la Rep&#xFA;blica, </subfield>
    <subfield code="c">1959</subfield>
  </datafield>
  <datafield tag="300" ind1=" " ind2=" ">
    <subfield code="a">480 p&#xE1;ginas, 2 hojas plegadas : </subfield>
    <subfield code="b">gr&#xE1;ficos a blanco y negro ; </subfield>
    <subfield code="c">23 cm.</subfield>
  </datafield>
  <datafield tag="490" ind1="0" ind2=" ">
    <subfield code="a">Archivo de la econom&#xED;a Nacional ; </subfield>
    <subfield code="v">24</subfield>
  </datafield>
  <datafield tag="505" ind1="0" ind2=" ">
    <subfield code="a">Provincia de Cordoba -- Provincia de Cauca -- Provincia de Popay&#xE1;n -- Provincia de Pasto -- Provincia de T&#xFA;querres</subfield>
  </datafield>
  <datafield tag="650" ind1="1" ind2="4">
    <subfield code="a">Colombia </subfield>
    <subfield code="x">descripciones y viajes </subfield>
    <subfield code="z">1850</subfield>
    <subfield code="9">10510</subfield>
  </datafield>
  <datafield tag="650" ind1="1" ind2="4">
    <subfield code="a">C&#xF3;rdoba</subfield>
    <subfield code="z">Provincia  (Colombia)</subfield>
    <subfield code="9">10511</subfield>
  </datafield>
  <datafield tag="650" ind1="1" ind2="4">
    <subfield code="a">Cauca</subfield>
    <subfield code="z">Provincia  (Colombia)</subfield>
    <subfield code="9">10512</subfield>
  </datafield>
  <datafield tag="650" ind1="1" ind2="4">
    <subfield code="a">Popay&#xE1;n</subfield>
    <subfield code="z">Provincia  (Colombia)</subfield>
    <subfield code="9">10513</subfield>
  </datafield>
  <datafield tag="650" ind1="1" ind2="4">
    <subfield code="a">Pasto</subfield>
    <subfield code="z">Provincia  (Colombia)</subfield>
    <subfield code="9">10514</subfield>
  </datafield>
  <datafield tag="650" ind1="1" ind2="4">
    <subfield code="a">T&#xFA;querres</subfield>
    <subfield code="z">Provincia  (Colombia)</subfield>
    <subfield code="9">10515</subfield>
  </datafield>
  <datafield tag="942" ind1=" " ind2=" ">
    <subfield code="2">ddc</subfield>
    <subfield code="c">BK</subfield>
  </datafield>
  <datafield tag="999" ind1=" " ind2=" ">
    <subfield code="c">6220</subfield>
    <subfield code="d">6220</subfield>
  </datafield>
  <datafield tag="952" ind1=" " ind2=" ">
    <subfield code="0">0</subfield>
    <subfield code="1">0</subfield>
    <subfield code="2">ddc</subfield>
    <subfield code="4">0</subfield>
    <subfield code="7">0</subfield>
    <subfield code="8">NFIC</subfield>
    <subfield code="a">CPL</subfield>
    <subfield code="b">CPL</subfield>
    <subfield code="d">2018-04-15</subfield>
    <subfield code="e">Donaci&#xF3;n</subfield>
    <subfield code="o">911.861 / C733j1 </subfield>
    <subfield code="p">430012218</subfield>
    <subfield code="r">2024-05-16 00:00:00</subfield>
    <subfield code="t">Ej.1</subfield>
    <subfield code="y">BK</subfield>
  </datafield>
</record>
